Giải phẫu học

সংরক্ষণ করুন:
গ্রন্থ-পঞ্জীর বিবরন
প্রধান লেখক: Quách, Văn Tỉnh
বিন্যাস: গ্রন্থ
ভাষা:Undetermined
প্রকাশিত: H. ĐHSP 2003
বিষয়গুলি:
অনলাইন ব্যবহার করুন:http://lrc.tdmu.edu.vn/opac/search/detail.asp?aID=2&ID=5546
ট্যাগগুলো: ট্যাগ যুক্ত করুন
কোনো ট্যাগ নেই, প্রথমজন হিসাবে ট্যাগ করুন!
Thư viện lưu trữ: Trung tâm Học liệu Trường Đại học Thủ Dầu Một
LEADER 00543nam a2200193Ia 4500
001 TDMU_5546
008 210410s9999 xx 000 0 und d
082 |a 611 
090 |b QU 
100 |a Quách, Văn Tỉnh 
245 0 |a Giải phẫu học 
245 0 |c Quách Văn Tỉnh 
260 |a H. 
260 |b ĐHSP 
260 |c 2003 
300 |a 259tr. 
650 |a Giải phẫu học 
856 |u http://lrc.tdmu.edu.vn/opac/search/detail.asp?aID=2&ID=5546 
980 |a Trung tâm Học liệu Trường Đại học Thủ Dầu Một